Exekučný poriadok - novela
Exekúcia príkazom na zadržanie vodičského preukazu. Lehota na poverenie exekútora. Náhrada trov konania. Signalizovanie dôvodov na zastavenie exekúcie. Exekúcia odpísaním z účtu v banke. Oznamovacia povinnosť exekútora k subjektom, súčinnosť.
Guardado en:
| Autor principal: | |
|---|---|
| Formato: | Capítulo de libro |
| Lenguaje: | eslovaco |
| Materias: | |
| Etiquetas: |
Sin Etiquetas, Sea el primero en etiquetar este registro!
|
MARC
| LEADER | 00000naa$a2200000$$$4500 | ||
|---|---|---|---|
| 001 | 0115202 | ||
| 005 | 20231120083553.6 | ||
| 041 | 0 | |a slo | |
| 044 | |a SK | ||
| 245 | 1 | 0 | |a Exekučný poriadok - novela |c Edmund Horváth |
| 520 | |a Exekúcia príkazom na zadržanie vodičského preukazu. Lehota na poverenie exekútora. Náhrada trov konania. Signalizovanie dôvodov na zastavenie exekúcie. Exekúcia odpísaním z účtu v banke. Oznamovacia povinnosť exekútora k subjektom, súčinnosť. | ||
| 610 | 2 | 0 | |a exekúcia |
| 610 | 2 | 0 | |a poriadok exekučný |
| 610 | 2 | 0 | |a novelizácia |
| 100 | 1 | |a Horváth, Edmund | |